LEADER 01359nam2 2200289 i 450 001 SUN0067061 005 20200305115031.164 010 $a978-08-987164-4-3$d0.00 100 $a20090129d2008 |0engc50 ba 101 $aeng 102 $aUS 105 $a|||| ||||| 200 1 $a<<*Numerical methods in scientific computing>> 1$fGermund Dahlquist, Björck Åke 210 $aPhiladelphia$cSIAM$dc2008 215 $aXXVII, 717 p.$d26 cm. 461 1$1001SUN0067062$12001 $a*Numerical methods in scientific computing$fGermund Dahlquist, Björck Åke$v1$1210 $aPhiladelphia$cSIAM$1215 $av.$d26 cm. 606 $a65-XX$xNumerical analysis [MSC 2020]$2MF$3SUNC019772 620 $dPhiladelphia$3SUNL000037 700 1$aDahlquist$b, Germund$3SUNV053273$041208 701 1$aBjörck$b, Åke$3SUNV039126$00 712 $aSIAM$3SUNV001157$4650 801 $aIT$bSOL$c20200727$gRICA 856 4 $uhttps://books.google.it/books?id=1nwbtGQN4jcC&pg=PA502&dq=9780898716443&hl=it&sa=X&ved=0ahUKEwiwhf_chr_cAhVEiRoKHcCICngQ6AEIJzAA#v=onepage&q=9780898716443&f=false$zPreview 912 $aSUN0067061 950 $aUFFICIO DI BIBLIOTECA DEL DIPARTIMENTO DI MATEMATICA E FISICA$d08PREST 65-XX 1000 $e08NS 811 I 20090305 996 $aNumerical methods in scientific computing 1$91437255 997 $aUNICAMPANIA LEADER 01000nam a2200289 i 4500 001 991000812099707536 005 20020506124503.0 008 960227s1965 ne ||| | eng 035 $ab10132983-39ule_inst 035 $aLE00637241$9ExL 040 $aDip.to Fisica$bita 084 $a53.0.67 084 $a53.1.4 084 $a53.4.2 084 $a537.5352 084 $aQC490 100 1 $aFerguson, A.J.$0346207 245 10$aAngular correlation methods in gamma-ray spectroscopy /$cA.J. Ferguson 260 $aAmsterdam :$bNorth-Holland Publ. Co.,$c1965 300 $axi, 214 p. :$bill. ;$c23 cm. 650 4$aGamma ray angular correlations 907 $a.b10132983$b21-09-06$c27-06-02 912 $a991000812099707536 945 $aLE006 53.4.2 FER$g1$i2006000064071$lle006$o-$pE0.00$q-$rl$s- $t0$u0$v0$w0$x0$y.i10156069$z27-06-02 996 $aAngular correlation methods in gamma-ray spectroscopy$9185977 997 $aUNISALENTO 998 $ale006$b01-01-96$cm$da $e-$feng$gne $h0$i1 LEADER 01485nam 2200373 450 001 9910702433103321 005 20140630115314.0 035 $a(CKB)5470000002427839 035 $a(OCoLC)882097425 035 $a(EXLCZ)995470000002427839 100 $a20140630d2014 ua 0 101 0 $aspa 135 $aurmn||||||||| 181 $2rdacontent 182 $2rdamedia 183 $2rdacarrier 200 00$aCrisis epile?pticas $eesperanza en la investigacio?n /$fNational Institute of Neurological Disorders and Stroke 205 $aRevisado February 14, 2014. 210 1$aBethesda, MD :$cNational Institute of Neurological Disorders and Stroke, Institutos Nacionales de la Salud, Departamento de Salud y Servicios Humanos,$d2014. 215 $a1 online resource (30 pages) 225 1 $aNIH publication ;$vno. 05-156 300 $aTitle from title screen (viewed June 19, 2014). 300 $a"Preparado por: Office of Communications and Public Liaison, National Institute of Neurological Disorders and Stroke, National Institutes of Health"--Page 30. 300 $a"Julio 2005." 517 $aCrisis epile?pticas 606 $aEpilepsy$xTreatment 615 0$aEpilepsy$xTreatment. 712 02$aNational Institute of Neurological Disorders and Stroke (U.S.).$bOffice of Communications and Public Liaison, 801 0$bGPO 801 1$bGPO 906 $aBOOK 912 $a9910702433103321 996 $aCrisis epile?pticas$93460411 997 $aUNINA LEADER 01433nas 2200385 n 450 001 990008907060403321 005 20240229084247.0 011 $a0392-9876 035 $a000890706 035 $aFED01000890706 035 $a(Aleph)000890706FED01 035 $a000890706 091 $2CNR$aP 00071343 100 $a20090724a19789999km-y0itaa50------ba 101 0 $aita 102 $aIT 110 $aauu-------- 200 1 $aArcheologia veneta 207 1$a1978- 210 $aPadova$cSocietā archeologica veneta 530 0 $aArcheologia veneta 675 $a930.26 675 $a902 676 $a937.3 712 02$aSocietā archeologica veneta 801 0$aIT$bACNP$c20090723 859 4 $uhttp://acnp.cib.unibo.it/cgi-ser/start/it/cnr/dc-p1.tcl?catno=45807&person=false&language=ITALIANO&libr=&libr_th=unina1$zBiblioteche che possiedono il periodico 901 $aSE 912 $a990008907060403321 958 $aBRAU. Biblioteca di Ricerca di Area Umanistica$b2002-2003;$ePR-444$fFLFBC 959 $aFLFBC 996 $aArcheologia veneta$9800428 997 $aUNINA AP1 8 $6866-01$aNA072 BRAU. Biblioteca di Ricerca di Area Umanistica$bPR-444$ePiazza Bellini 56/60, 80133 Napoli (NA)$m(081) 2533948$nit AP2 40$aacnp.cib.unibo.it$nACNP Italian Union Catalogue of Serials$uhttp://acnp.cib.unibo.it/cgi-ser/start/it/cnr/df-p.tcl?catno=45807&language=ITALIANO&libr=&person=&B=1&libr_th=unina&proposto=NO